| 000 | 00784nam a2200217 i 4500 | ||
|---|---|---|---|
| 001 | 130229 | ||
| 003 | ES-MaACL | ||
| 005 | 20250801063037.0 | ||
| 007 | t| | ||
| 008 | 070724s1983 mx |||| | spa d | ||
| 100 | 1 |
_aZavala, Silvio, _d1909-2014 _9118108 |
|
| 245 | 1 | 0 |
_aAdición al volumen "América en el espíritu francés del siglo XVIII" / _cSilvio Zavala. |
| 260 |
_aMéxico : _bColegio Nacional, _c1983. |
||
| 300 |
_a[14] p. ; _c23 cm. |
||
| 500 | _aSeparata de: Memoria de El Colegio Nacional, 1983, t. X, n. 2, p. 14-25. | ||
| 650 | 4 |
_aLiteratura francesa- _yS.XVIII- _vHistoria y crítica. _914592 |
|
| 651 | 4 |
_aAmérica- _xEn la literatura. _9168428 |
|
| 710 | 2 |
_aColegio Nacional (México) _92941 |
|
| 852 |
_aES-MaACL _j2136-F-9 |
||
| 999 |
_c130229 _d130229 |
||